Statistiken für Automarken nach Logos 1

Klicken Sie hier um das Quiz zu spielen!

Allgemein

  • Dieses Quiz wurde 10.348 mal gespielt
  • Das Durchschnittsergebnis liegt bei 10 aus 15

Antwortstatistiken

Antwort% Korrekt
Opel
98%
Seat
90%
Renault
88%
Mercedes-Benz
87%
Citroën
81%
Hyundai
80%
Lexus
74%
Mitsubishi
68%
Smart
65%
Subaru
65%
Suzuki
65%
Infiniti
29%
DS Automobiles
28%
Daihatsu
23%
Lincoln
16%

Verteilung der Resultate

Perzentil nach korrekt beantworteten Fragen

Anzahl Personen mit jedem Resultat

Ihre Resultats-Entwicklung

Sie haben dieses Quiz noch nicht gespielt